000 00477nam a2200181Ia 4500
001 18868
005 20260306171702.0
008 260306s9999||||xx |||||||||||||| ||und||
041 _aESP
082 _a658.503
_bV46
100 _aVercher Bellver, Salvador
_eAUT
245 0 _aEl plan de gestión:
_bUn método integral para su elaboración y control
260 _c2001
300 _a221 páginas :
_c23 cm.
650 _aGEN
654 _aCAN
942 _cLIB
_dJUS
_fJUS
_2ddc
_n
999 _c18868
_d18868